| 000 | 00810nam a2200217 i 4500 | ||
|---|---|---|---|
| 001 | 76301 | ||
| 003 | ES-MaACL | ||
| 005 | 20250801035024.0 | ||
| 007 | t| | ||
| 008 | 040930s1971 sp ||||1| spa d | ||
| 100 | 0 |
_aGuereña, Jacinto Luis, _d1915-2007 _960460 |
|
| 245 | 1 | 0 |
_aNarrativa francesa _b: 1850-1970 / _cJacinto Luis Guereña. |
| 260 |
_a[Madrid] : _bEpesa [Ediciones y Publicaciones Españolas], _c[1971] |
||
| 300 |
_a224 p. ; _c17 cm. |
||
| 490 | 1 |
_aGrandes escritores contemporáneos. Panoramas ; _v47 |
|
| 650 |
_aNovela francesa- _yS.XIX- _xHistoria y crítica. _9136608 |
||
| 650 | 4 |
_aNovela francesa- _yS.XX- _xHistoria y crítica. _9171911 |
|
| 830 | 1 | 0 |
_aGrandes escritores contemporáneos. _pPanoramas _v47 _9184401 |
| 852 |
_aES-MaACL _jC-48698 |
||
| 999 |
_c76301 _d76301 |
||